|
|
|
|
| LEADER |
00000cam a2200000 i 4500 |
| 001 |
1/35369 |
| 008 |
970714s1995 eng d |
| 020 |
|
|
|a 0-582-08960-3
|
| 035 |
|
|
|a ΠΑΡ-1995
|b 07/12
|c ΣΟΥΚΑΣ
|l 10024287
|
| 040 |
|
|
|a GR-MY-UA
|b
|e aacr
|
| 041 |
1 |
|
|a eng
|
| 082 |
0 |
|
|a 428.202465
|
| 100 |
1 |
|
|a Tsai, Bonnie.
|
| 245 |
1 |
0 |
|a Business English recipes :
|b a creative approach to business English /
|c Bonnie Tsai, Judy Irigoin.
|
| 260 |
|
|
|a England :
|b Longman,
|c c1995
|
| 504 |
|
|
|a Περιλαμβάνει βιβλιογραφία
|
| 650 |
0 |
0 |
|a English language
|x Business English.
|
| 700 |
1 |
|
|a Irigoin, Judy.
|
| 852 |
|
|
|a INST
|b CHIOS
|e 19980123
|h 428.202465 IRI
|p 005200010046
|q 005200010046
|t BK
|y 0
|
| 852 |
|
|
|a INST
|b CHIOS
|e 19970714
|h 428.202465 IRI
|p 005200010526
|q 005200010526
|t BK
|y 0
|
| 909 |
|
|
|a Χ
|b 050123
|
| 909 |
|
|
|a Χ
|b 052603
|
| 922 |
|
|
|a 2ΕΛΗ
|b 199712
|c ΣΟΥΚΑΣ
|d ΠΑΠΑΣΩΤΗΡΙΟΥ
|